Statistiques concernant Les voyages de la team Crouton

Cliquez ici pour prendre le quiz!

Statistiques générales

  • Ce quiz a été pris 482 fois
  • Le résultat moyen est 6 sur 7

Statistiques - réponses

DateLieu% Correct
Eté 2021Mexique
93%
Eté 2020Corse
88%
Hiver 2024Belgique
86%
Eté 2022Afrique du Sud
84%
Eté 2019Maroc
83%
Hiver 2020Canada
82%
Hiver 2021Alpes
81%

Distribution des résultats

Percentile par nombre de réponses

% des personnes avec chaque résultat

Votre développement - résultats

Vous n’avez pas pris ce quiz